Fundamentos de hidrogeología

Gespeichert in:
Bibliographische Detailangaben
Hauptverfasser: Martínez Alfaro, Pedro E. (autor), Martínez Santos, Pedro (VerfasserIn), Castaño Castaño, Silvino (VerfasserIn)
Format: Buch
Sprache:Spanisch
Veröffentlicht: Madrid Mundi Prensa 2005
Schlagworte:
Tags: Tag hinzufügen
Keine Tags, Fügen Sie den ersten Tag hinzu!

MARC

LEADER 00000cam a2200000 a 4500
001 UCH9066
003 CL-VaPUC
008 091224e20050000SP |||||||||||||||||spa|d
020 |a 9788484762393 
082 0 4 |a 551.48  |b MAR  |2 21 
100 |a Martínez Alfaro, Pedro E.  |e autor  |9 545901 
700 0 |a Martínez Santos, Pedro  |e author  |9 545902 
700 0 |a Castaño Castaño, Silvino  |e author  |9 545903 
245 1 0 |a Fundamentos de hidrogeología 
300 |a 284 p 
942 |c BK 
945 |d 20091224 00:00:00  |a rbrito 
260 |a Madrid  |b Mundi Prensa  |c 2005 
650 0 |a Hidrogeología   |9 262905 
650 0 |a Agua  |9 257149 
650 0 |a Hidrología  |9 261396 
650 0 |a Aguas subterráneas  |9 260378 
650 7 |a CONTAMINACION DE LAS AGUAS  |2 CL-VaPUC  |9 388830 
583 |a last modification  |c 20120507 11:54:51  |k Rodrigo Vera 
999 |c 339130  |d 339128 
952 |0 0  |1 0  |4 0  |6 551_480000000000000_MAR_2005  |7 0  |8 A  |9 432581  |a BIBING  |b BIBING  |d 2019-11-22  |i 4628314  |l 1  |o 551.48 MAR 2005  |p 4628314  |r 2025-01-20  |s 2022-08-17  |w 2019-11-22  |y BK  |k CCL 
952 |0 0  |1 0  |4 0  |6 551_480000000000000_MAR_2005  |7 0  |8 A  |9 432582  |a BIBING  |b BIBING  |d 2019-11-22  |i 4867335  |o 551.48 MAR 2005  |p 4867335  |r 2025-01-20  |w 2019-11-22  |y BK  |k CCL 
952 |0 0  |1 0  |3 erb  |4 0  |6 551_480000000000000_MAR_2005  |7 0  |8 A  |9 432583  |a BIBING  |b BIBING  |i 5370884  |o 551.48 MAR 2005  |p 5370884  |r 2025-01-20  |w 2019-11-22  |y BK  |z Catalogado en:20170331  |k EIQ